000 00552nam a2200169Ia 4500
008 230917s9999||||xx |||||||||||||| ||und||
020 _cRS200
040 _e231511
_aMAIN
041 _aEnglish
082 _a891.431721 SV92A:TA
100 _aशुक्ल विनोदकुमार
245 0 _aआकाश धरती को खटखटाता है
260 _aपंचकूला
_bआधार प्रकाशन
_c2006
300 _a223 पृ. p.
500 _a2262 01/02/2016 KB15/300 17/02/2016 Hindi UGC
942 _cBK
999 _c17628
_d17628